The new golden age and influence of the precious metals upon the world /

Bibliographic Details
Main Author: Patterson, R. H. (Robert Hogarth), 1821-1886
Corporate Author: Gale (Firm)
Format: eBook
Language:English
Published: Edinburgh ; London : W. Blackwood and Sons, 1882.
Series:Making of the modern world. Part 2 (1851-1914)
Subjects:
Online Access:Connect to the full text of this electronic book

MARC

Tag First Indicator Second Indicator Subfields
LEADER 00000cam a22000001 4500
001 in00003849986
005 20190415181739.0
006 m o d
007 cr |n||||||||n
008 750926s1882 stk ob 001 0 eng
035 |a (MiFhGG)MOMW203775 
035 |a (OCoLC)659391478 
040 |a TGPSM  |c UtOrBLW  |d UtOrBLW 
050 4 |a HG269  |b .P388 1882 
100 1 |a Patterson, R. H.  |q (Robert Hogarth),  |d 1821-1886.  |0 http://id.loc.gov/authorities/names/nb99000888 
245 1 4 |a The new golden age and influence of the precious metals upon the world /  |c by R. Hogarth Patterson. 
264 1 |a Edinburgh ;  |a London :  |b W. Blackwood and Sons,  |c 1882. 
300 |a 1 online resource (2 volumes). 
336 |a text  |b txt  |2 rdacontent 
337 |a computer  |b c  |2 rdamedia 
338 |a online resource  |b cr  |2 rdacarrier 
490 1 |a The making of the modern world. Part 2 (1851-1914) 
500 |a Reproduction from the Rare Book and Manuscript Library of Columbia University. 
504 |a Includes bibliographical references and index. 
500 |a Electronic resource. 
650 0 |a Economic history.  |0 http://id.loc.gov/authorities/subjects/sh85040817 
650 0 |a Money  |x History.  |0 http://id.loc.gov/authorities/subjects/sh2008107922 
650 0 |a Precious metals.  |0 http://id.loc.gov/authorities/subjects/sh85106206 
650 0 |a Gold.  |0 http://id.loc.gov/authorities/subjects/sh85055692 
655 7 |a Electronic books.  |2 local 
710 2 |a Gale (Firm)  |0 http://id.loc.gov/authorities/names/no2008071348 
830 0 |a Making of the modern world. Part 2 (1851-1914) 
856 4 0 |u http://proxy.library.tamu.edu/login?url=http://find.galegroup.com/openurl/openurl?url_ver=Z39.88-2004&url_ctx_fmt=info:ofi/fmt:kev:mtx:ctx&res_id=info:sid/gale:MOME&ctx_enc=info:ofi:enc:UTF-8&rft_val_fmt=info:ofi/fmt:kev:mtx:unknown&rft.artnum=U112885647&req_dat=info:sid/gale:ugnid:txshracd2898  |z Connect to the full text of this electronic book  |t 0 
999 f f |s 7a1a0ed6-9538-3ba9-8aeb-d5bb736345be  |i 5887d60a-9158-3bf3-bedc-b873f7c34a26  |t 0 
952 f f |a Texas A&M University  |b College Station  |c Electronic Resources  |d Available Online  |t 0  |e HG269 .P388 1882  |h Library of Congress classification 
998 f f |a HG269 .P388 1882  |t 0  |l Available Online